<?xml version="1.0" encoding="UTF-8"?><marc:collection xmlns:marc="http://www.loc.gov/MARC21/slim">
  <marc:record>
    <marc:leader>00000nam##2200000za#4500</marc:leader>
    <marc:controlfield tag="001">9.632901</marc:controlfield>
    <marc:controlfield tag="003">CaOODSP</marc:controlfield>
    <marc:controlfield tag="005">20210624215044</marc:controlfield>
    <marc:controlfield tag="007">cr |||||||||||</marc:controlfield>
    <marc:controlfield tag="008">150407|2001||||xxc|||||o    f|0| 0 fre|d</marc:controlfield>
    <marc:datafield tag="040" ind1=" " ind2=" ">
      <marc:subfield code="a">CaOODSP</marc:subfield>
      <marc:subfield code="b">fre</marc:subfield>
    </marc:datafield>
    <marc:datafield tag="043" ind1=" " ind2=" ">
      <marc:subfield code="a">n-cn---</marc:subfield>
    </marc:datafield>
    <marc:datafield tag="086" ind1="1" ind2=" ">
      <marc:subfield code="a">SW21-59/2000F-PDF</marc:subfield>
    </marc:datafield>
    <marc:datafield tag="110" ind1="1" ind2=" ">
      <marc:subfield code="a">Canada. </marc:subfield>
      <marc:subfield code="b">Condition féminine Canada.</marc:subfield>
    </marc:datafield>
    <marc:datafield tag="245" ind1="1" ind2="0">
      <marc:subfield code="a">Options en matière de politiques de logement urbain pour les femmes vivant dans la pauvreté : </marc:subfield>
      <marc:subfield code="h">[ressource électronique]</marc:subfield>
      <marc:subfield code="b">un projet de recherche-action dans trois villes canadiennes / </marc:subfield>
      <marc:subfield code="c">par Marge Reitsma-Street ... [et al.]. </marc:subfield>
    </marc:datafield>
    <marc:datafield tag="260" ind1=" " ind2=" ">
      <marc:subfield code="a">Ottawa - Ontario : </marc:subfield>
      <marc:subfield code="b">Condition féminine Canada </marc:subfield>
      <marc:subfield code="c">2001.</marc:subfield>
    </marc:datafield>
    <marc:datafield tag="300" ind1=" " ind2=" ">
      <marc:subfield code="a">148p.</marc:subfield>
      <marc:subfield code="b">glossaire, graphiques, carte, références, tableaux</marc:subfield>
    </marc:datafield>
    <marc:datafield tag="500" ind1=" " ind2=" ">
      <marc:subfield code="a">«Bien que le but du présent projet de recherche-action axé sur les politiques soit plus modeste et ne vise pas l'élaboration d'une autre pratique exemplaire en matière de logement pour les femmes, il propose, à l'intention des organisations locales et des gouvernementaux régionaux, des options en matière de politiques de logement urbain pratiques et favorables aux femmes, qui pourraient permettre la construction de types de logement plus abordables, plus convenables et plus innovateurs à l'intention des femmes de tous âges à faible revenu.»--Introduction.</marc:subfield>
    </marc:datafield>
    <marc:datafield tag="500" ind1=" " ind2=" ">
      <marc:subfield code="a">Le n° de catalogue et ISBN de l'édition imprimée 2000 à été imprimé dans cette édition électronique.</marc:subfield>
    </marc:datafield>
    <marc:datafield tag="520" ind1="3" ind2=" ">
      <marc:subfield code="a">Bien que le but du présent projet de recherche-action axé sur les politiques soit plus modeste et ne vise pas l'élaboration d'une autre pratique exemplaire en matière de logement pour les femmes, il propose, à l'intention des organisations locales et des gouvernementaux régionaux, des options en matière de politiques de logement urbain pratiques et favorables aux femmes, qui pourraient permettre la construction de types de logement plus abordables, plus convenables et plus innovateurs à l'intention des femmes de tous âges à faible revenu.--Introduction</marc:subfield>
    </marc:datafield>
    <marc:datafield tag="590" ind1=" " ind2=" ">
      <marc:subfield code="a">06-10-Supp</marc:subfield>
      <marc:subfield code="b">2006-12-15</marc:subfield>
    </marc:datafield>
    <marc:datafield tag="691" ind1="0" ind2="7">
      <marc:subfield code="a">Condition de la femme</marc:subfield>
      <marc:subfield code="2">gcpds</marc:subfield>
    </marc:datafield>
    <marc:datafield tag="691" ind1="0" ind2="7">
      <marc:subfield code="a">Logement subventionné</marc:subfield>
      <marc:subfield code="2">gcpds</marc:subfield>
    </marc:datafield>
    <marc:datafield tag="691" ind1="0" ind2="7">
      <marc:subfield code="a">Pauvreté</marc:subfield>
      <marc:subfield code="2">gcpds</marc:subfield>
    </marc:datafield>
    <marc:datafield tag="720" ind1="1" ind2=" ">
      <marc:subfield code="a">Reitsma-Street, Marge</marc:subfield>
    </marc:datafield>
    <marc:datafield tag="775" ind1="0" ind2="8">
      <marc:subfield code="t">Housing policy options for women living in urban poverty : </marc:subfield>
      <marc:subfield code="w">(CaOODSP)9.688476</marc:subfield>
    </marc:datafield>
    <marc:datafield tag="776" ind1="0" ind2="#">
      <marc:subfield code="t">Housing policy options for women living in urban poverty : </marc:subfield>
      <marc:subfield code="w">(CaOODSP)9.662053</marc:subfield>
    </marc:datafield>
    <marc:datafield tag="776" ind1="0" ind2="#">
      <marc:subfield code="t">Options en matières de politiques de logement urbain pour les femmes vivant dans la pauvreté : </marc:subfield>
      <marc:subfield code="w">(CaOODSP)9.662054</marc:subfield>
    </marc:datafield>
    <marc:datafield tag="856" ind1="4" ind2="0">
      <marc:subfield code="a">http://publications.gc.ca</marc:subfield>
      <marc:subfield code="q">PDF</marc:subfield>
      <marc:subfield code="s">922 Ko</marc:subfield>
      <marc:subfield code="u">https://publications.gc.ca/collections/Collection/SW21-59-2000F.pdf</marc:subfield>
    </marc:datafield>
  </marc:record>
</marc:collection>
